Pápai tévedhetetlenség és mariológia

Elmentve itt :
Bibliográfiai részletek
Szerző: Schmidt Gábor
Dokumentumtípus: Cikk
Megjelent: Belvedere Meridionale Szeged 1997
Sorozat:Belvedere Meridionale 9 No. 1-2
Kulcsszavak:Egyháztörténet - katolikus
Tárgyszavak:
Online Access:http://acta.bibl.u-szeged.hu/4535
LEADER 00712nab a2200193 i 4500
001 acta4535
005 20250806132832.0
008 161015s1997 hu o 000 hun d
040 |a SZTE Egyetemi Kiadványok Repozitórium  |b hun 
041 |a hun 
100 1 |a Schmidt Gábor 
245 1 0 |a Pápai tévedhetetlenség és mariológia  |h [elektronikus dokumentum] /  |c  Schmidt Gábor 
260 |a Belvedere Meridionale  |b Szeged  |c 1997 
300 |a 4-8 
490 0 |a Belvedere Meridionale  |v 9 No. 1-2 
650 4 |a Bölcsészettudományok 
650 4 |a Történettudomány és régészet 
695 |a Egyháztörténet - katolikus 
856 4 0 |u http://acta.bibl.u-szeged.hu/4535/1/belvedere_1997_001_002_004-008.pdf  |z Dokumentum-elérés